| 000 | 00733nam a2200241 a 4500 | ||
|---|---|---|---|
| 005 | 20250809063836.0 | ||
| 008 | 070209s2001 000 eng d | ||
| 020 | _a8426131956 | ||
| 035 | _aUPN01000149993 | ||
| 049 | _aCG | ||
| 050 | 4 |
_aHQ76.25 _bE8.3 |
|
| 100 | 1 | _aEscalas, Joanaina | |
| 245 | 1 | 0 |
_aEntender a los que entienden : _bhomosexualidad y familia / _cJoanaina Escalas, Esther Nolla. |
| 260 |
_aBarcelona, Esp. : _bJuventud, _c2001. |
||
| 300 |
_a159 p. : _bil. |
||
| 440 | 0 | _aMateria gris | |
| 650 | 4 |
_aHomosexualidad _97378 |
|
| 650 | 4 |
_aPersonas homosexuales _xCondiciones sociales _9189 |
|
| 650 | 0 |
_aRelación padres-hijos _91359 |
|
| 700 | 1 |
_aNolla, Esther, _ecoaut. |
|
| 905 | _aLibro | ||
| 999 |
_c122134 _d122134 |
||